00737nac a22001931u 4500010001500000020001500015082001700030090001500047100003400062245007200096260009500168300003900263504005100302650001500353700002200368942001900390999001500409952011900424 a2004047193 a027368785900a658.8bB8239 c1212d1212 aBrassington, Frances. 10aEssentials of marketing /cFrances Brassington and Stephen Pettitt. aHarlow, England :bPrentice Hall Financial Times, an imprint of Pearson Education,cc2005. avii, [4], 511 p. :bill. ;c27 cm. aIncludes bibliographical references and index. 0aMarketing.1 aPettitt, Stephen. cBBk658.8B8239 c1212d1212 00104070aMAINbMAINc1STd2006-08-27ePurchasel7m4o658.8 BRAp000003280r2025-07-15 00:00:00s2015-11-09yBB